| 000 | 00612cam a22002173a 4500 | ||
|---|---|---|---|
| 001 | 39317 | ||
| 003 | PGUSA | ||
| 005 | 20140828083855.0 | ||
| 008 | 120331s2012||||xxu|||||s|||||000 | eng d | ||
| 040 |
_aPGUSA _beng |
||
| 042 | _adc | ||
| 100 | 1 |
_aBerczik, Árpád, _d1842-1919 |
|
| 245 | 1 | 0 |
_aHauskoja hetkiä _h[electronic resource] / _cÁrpád Berczik |
| 260 |
_bProject Gutenberg, _c2012 |
||
| 506 | _aPublic domain in the USA. | ||
| 516 | _aElectronic text | ||
| 700 | 1 |
_aJalava, Antti, _d1846-1909 |
|
| 830 | 0 |
_aProject Gutenberg _v39317 |
|
| 856 | 4 | 0 | _uhttp://www.gutenberg.org/ebooks/39317 |
| 942 | _cEB | ||
| 999 |
_c268570 _d268570 |
||